000 00740nam a22001937a 4500
003 OSt
005 20260425033133.0
008 260425b |||||||| |||| 00| 0 eng d
040 _aDWCL-Main lib.
_cOC
082 _215th thoroughly revised ed.
_aCirc. 621.313 G896t 2018
100 _aGupta, J.B
245 _aTheory and Performance of Electrical machines (DC Machines and AC Machines)/
_cJ.B Gupta
250 _a15th thoroughly revised ed.
260 _aNew Delhi:
_b S.K Kataria & Sons,
_cc2018.
300 _axii, 961 pages :
_b illustrations;
_c28cm.
650 _a1. Electric machinery- alternating current
650 _a2. Electric machinery-- Direct current
942 _2ddc
_cBK-CIRC
_e15th thoroughly revised ed.
_hCirc.
_n0
999 _c9892
_d9892